00491nam a2200157Ia 45000030006000000080041000060400015000471000022000622450045000842600031001295460012001609420012001729990017001840050017002019520115002180STCL150530s9999 xx 000 0 und d aSTCLcSTCL aVelappan Nair, R. aBulletin of the Madras Government museum bGovernment of Madrasc1949 aEnglish 2ddccBK c37332d3733220220125170418.0 00102ddc4070aSTCALbSTCALcGENd2015-05-30g2.00l0o590.1-280p26967r2015-05-30 00:00:00w2015-05-30yBK